00696nam a22002057a 4500999001700000005001700017008004100034020001800075040001300093082001900106100002000125245006100145260005400206300003200260504004000292650001300332650001700345942001200362952011600374 c63298d6329820240530110633.0170912s2015 uk h f b 000 0 eng d a9789351522447 aEG-CaGPL04221a618.92bLG1 aLevine, Glenn N10aColor Atlas of Cardiovascular Disease /cGlenn N Levine  aLondon : bThe Health Sciences Publisher ,c2015. a1023 p. : bill ؛ c20 cm. aIncludes bibliographical references00aDISEASES00aMEDICAL BOOK 2ddccBK 00104070aCAIbCAIcTECHNOLOGY-LIBRARYd2017-09-12l0o618.92 LGp163281r2017-09-12 00:00:00w2017-09-12yBK